00437 a2200121 4500001000900000005001700009008004100026245012900067100001800196700002200214700001900236773006000255ART_741720260410161700.0260409a 10aUso de flujos de información de alta frecuencia para pronósticos de corto plazo de la actividad económica en Argentina1 aDAmato, Laura1 aGaregnani, Lorena1 aBlanco, Emilio0 tEnsayos Económicosg- Nº 64 (oct./dic. 2011)wREV620